000 01062nam a22003017a 4500
003 CHAP
005 20220329134327.0
008 971013s1975 r 00010 d
010 _a18816
011 _a19788
035 _a23873
040 _cCHAP
090 _aFolleto 2049
110 _aCentro de Investigaciones Agropecuarias Santa Elena. Toluca, Méx.
_921113
245 _aRecomendaciones de las fórmulas de producción para el cultivo de maíz de acuerdo con el sistema de productividad para el Valle de Toluca y Valle de México
260 _a(s.l.) :
_bEl Centro,
_c1975
300 _a(s.p.)
590 _aBATCH-UPD
_b10
_c20130110
_lUCH01
_h1211
590 _aBATCH-UPD
_b10
_c20130410
_lUCH01
_h0750
590 _aBATCH-UPD
_b10
_c20130914
_lUCH01
_h1405
590 _aCONVERSION
_b10
_c20130109
_lUCH01
_h1311
650 1 4 _aFertilizantes para maíz.
_940625
650 1 4 _aMaíz
_xValle de México.
_971077
650 1 4 _aMaíz
_zMéxico (Edo.).
_971099
901 _aBK
942 _cFOLL
949 _aFolleto 2049
_bBC
_cFOLL
_d-55317
_eTS1
_i23873
_mD
_si
999 _c18816
_d18816